[Event "6th Ferdowsi International Chess Open Tournament"]
[Site "Mashhad"]
[Date "2016.02.03"]
[Round "7"]
[Board "4"]
[White "Khodashenas, Mersad"]
[Black "Tiviakov, Sergei"]
[Result "1-0"]
[WhiteElo "2393"]
[BlackElo "2611"]
[PlyCount "0"]
[EventDate "2016.01.29"]
[EventRounds "9"]
[EventCountry "IRI"]

1. d4 {[%clk 1:30:48]} Nf6 {[%clk 1:30:39]} 2. c4 {[%clk 1:31:10]} e6
{[%clk 1:31:03]} 3. Nc3 {[%clk 1:31:26]} Bb4 {[%clk 1:31:25]} 4. Qc2
{[%clk 1:31:50]} c5 {[%clk 1:24:11]} 5. dxc5 {[%clk 1:32:08]} Bxc5
{[%clk 1:24:25]} 6. Nf3 {[%clk 1:32:35]} Qb6 {[%clk 1:24:47]} 7. e3
{[%clk 1:32:56]} Qc7 {[%clk 1:25:13]} 8. g4 {[%clk 1:30:38]} b6 {[%clk 1:23:25]}
9. g5 {[%clk 1:27:11]} Ng8 {[%clk 1:21:48]} 10. Nb5 {[%clk 1:18:22]} Qd8
{[%clk 1:20:33]} 11. Bd2 {[%clk 1:16:19]} Bb7 {[%clk 1:20:46]} 12. Bg2
{[%clk 1:15:23]} a6 {[%clk 1:18:47]} 13. Nbd4 {[%clk 1:09:11]} Bxd4
{[%clk 1:02:43]} 14. exd4 {[%clk 1:09:06]} d5 {[%clk 1:03:10]} 15. c5
{[%clk 0:55:01]} a5 {[%clk 1:00:06]} 16. h4 {[%clk 0:48:50]} Ne7 {[%clk 0:58:36]}
17. h5 {[%clk 0:47:36]} Nbc6 {[%clk 0:58:56]} 18. O-O-O {[%clk 0:34:04]} Qc7
{[%clk 0:46:58]} 19. g6 {[%clk 0:24:56]} hxg6 {[%clk 0:45:08]} 20. hxg6
{[%clk 0:24:37]} Nxg6 {[%clk 0:45:31]} 21. Rxh8+ {[%clk 0:24:25]} Nxh8
{[%clk 0:45:57]} 22. Qh7 {[%clk 0:24:14]} O-O-O {[%clk 0:46:20]} 23. cxb6
{[%clk 0:23:53]} Qxb6 {[%clk 0:40:07]} 24. Qxg7 {[%clk 0:24:20]} Nb4
{[%clk 0:25:25]} 25. Kb1 {[%clk 0:17:07]} Ba6 {[%clk 0:24:45]} 26. Bxb4
{[%clk 0:16:16]} axb4 {[%clk 0:23:59]} 27. Ne5 {[%clk 0:11:46]} b3
{[%clk 0:14:30]} 28. Rc1+ {[%clk 0:04:12]} Kb7 {[%clk 0:14:51]} 29. Qf6
{[%clk 0:04:40]} Qd6 {[%clk 0:09:37]} 30. Rc3 {[%clk 0:00:35]} bxa2+
{[%clk 0:09:24]} 31. Ka1 {[%clk 0:00:54]} Re8 {[%clk 0:06:41]} 32. Rb3+
{[%clk 0:00:34]} Ka7 {[%clk 0:05:25]} 33. Ra3 {[%clk 0:01:02]} Rc8
{[%clk 0:02:43]} 34. Kxa2 {[%clk 0:01:00]} Kb6 {[%clk 0:01:41]} 35. Qf3
{[%clk 0:00:35]} Ng6 {[%clk 0:01:47]} 36. Rb3+ {[%clk 0:00:32]} Ka5
{[%clk 0:01:43]} 37. Ra3+ {[%clk 0:00:45]} Kb6 {[%clk 0:02:08]} 38. Rb3+
{[%clk 0:01:14]} Ka5 {[%clk 0:02:34]} 39. Qe3 {[%clk 0:00:32]} Bc4
{[%clk 0:00:50]} 40. Qd2+ {[%clk 0:00:34]} 1-0

[Event "6th Ferdowsi International Chess Open Tournament"]
[Site "Mashhad"]
[Date "2016.02.03"]
[Round "7"]
[Board "5"]
[White "Grabliauskas, Virginijus"]
[Black "Ghaem Maghami, Ehsan"]
[Result "1-0"]
[WhiteElo "2322"]
[BlackElo "2594"]
[PlyCount "0"]
[EventDate "2016.01.29"]
[EventRounds "9"]
[EventCountry "IRI"]

1. Nf3 {[%clk 1:30:53]} Nf6 {[%clk 1:25:08]} 2. g3 {[%clk 1:31:25]} b5
{[%clk 1:19:54]} 3. Bg2 {[%clk 1:28:51]} Bb7 {[%clk 1:19:44]} 4. O-O
{[%clk 1:28:12]} e6 {[%clk 1:19:56]} 5. d3 {[%clk 1:27:16]} c5 {[%clk 1:18:22]}
6. e4 {[%clk 1:25:36]} d6 {[%clk 1:17:13]} 7. Nh4 {[%clk 1:15:43]} Nc6
{[%clk 1:15:38]} 8. f4 {[%clk 1:15:05]} Be7 {[%clk 1:15:48]} 9. Be3
{[%clk 1:06:38]} Nd7 {[%clk 1:01:49]} 10. f5 {[%clk 0:59:56]} e5 {[%clk 1:02:01]}
11. Nc3 {[%clk 0:58:10]} Nd4 {[%clk 0:58:57]} 12. Bxd4 {[%clk 0:46:17]} cxd4
{[%clk 0:52:41]} 13. Nxb5 {[%clk 0:44:30]} O-O {[%clk 0:50:32]} 14. Nf3
{[%clk 0:34:07]} Qb6 {[%clk 0:44:05]} 15. a4 {[%clk 0:32:00]} a6 {[%clk 0:40:48]}
16. Na3 {[%clk 0:31:44]} Qxb2 {[%clk 0:41:02]} 17. Nc4 {[%clk 0:31:31]} Qc3
{[%clk 0:39:29]} 18. Ra3 {[%clk 0:31:07]} Qb4 {[%clk 0:39:47]} 19. Rb3
{[%clk 0:31:12]} Qxa4 {[%clk 0:40:07]} 20. Rxb7 {[%clk 0:31:24]} Rfb8
{[%clk 0:39:58]} 21. Rxb8+ {[%clk 0:25:58]} Rxb8 {[%clk 0:40:27]} 22. g4
{[%clk 0:26:18]} Nc5 {[%clk 0:40:06]} 23. Qe2 {[%clk 0:24:59]} h6
{[%clk 0:37:49]} 24. h4 {[%clk 0:25:20]} f6 {[%clk 0:38:14]} 25. Rc1
{[%clk 0:23:44]} Qa2 {[%clk 0:33:07]} 26. Qe1 {[%clk 0:18:53]} Rb5
{[%clk 0:32:07]} 27. Bf1 {[%clk 0:16:39]} a5 {[%clk 0:29:47]} 28. Ra1
{[%clk 0:16:03]} Qxc2 {[%clk 0:29:55]} 29. Na3 {[%clk 0:16:11]} 1-0

[Event "6th Ferdowsi International Chess Open Tournament"]
[Site "Mashhad"]
[Date "2016.02.03"]
[Round "7"]
[Board "6"]
[White "Gagunashvili, Merab"]
[Black "Bagheri, Maziar"]
[Result "1-0"]
[WhiteElo "2541"]
[BlackElo "2262"]
[PlyCount "0"]
[EventDate "2016.01.29"]
[EventRounds "9"]
[EventCountry "IRI"]

1. Nf3 {[%clk 1:30:21]} Nf6 {[%clk 1:30:51]} 2. g3 {[%clk 1:30:39]} e6
{[%clk 1:30:01]} 3. Bg2 {[%clk 1:30:58]} Be7 {[%clk 1:30:23]} 4. O-O
{[%clk 1:31:14]} O-O {[%clk 1:30:49]} 5. d3 {[%clk 1:31:06]} d5 {[%clk 1:30:45]}
6. Nbd2 {[%clk 1:31:29]} Nc6 {[%clk 1:27:19]} 7. e4 {[%clk 1:31:15]} dxe4
{[%clk 1:25:13]} 8. dxe4 {[%clk 1:31:38]} Bc5 {[%clk 1:24:37]} 9. e5
{[%clk 1:27:11]} Ng4 {[%clk 1:23:03]} 10. Qe2 {[%clk 1:25:14]} f6
{[%clk 1:16:30]} 11. Ne4 {[%clk 1:24:24]} Bb6 {[%clk 1:14:14]} 12. exf6
{[%clk 1:24:25]} Nxf6 {[%clk 1:13:14]} 13. Bg5 {[%clk 1:23:01]} Qe8
{[%clk 1:11:41]} 14. Nxf6+ {[%clk 1:17:54]} gxf6 {[%clk 1:12:02]} 15. Bh6
{[%clk 1:18:19]} Rf7 {[%clk 1:12:27]} 16. Nh4 {[%clk 1:16:26]} Bd7
{[%clk 1:06:55]} 17. c3 {[%clk 1:15:48]} Ne5 {[%clk 1:05:23]} 18. Rfe1
{[%clk 1:10:20]} Bb5 {[%clk 1:01:58]} 19. Qh5 {[%clk 1:10:26]} Nd3
{[%clk 0:51:27]} 20. Re2 {[%clk 1:07:15]} Rd8 {[%clk 0:35:51]} 21. a4
{[%clk 0:57:36]} Bc6 {[%clk 0:28:29]} 22. a5 {[%clk 0:47:06]} Bc5
{[%clk 0:27:19]} 23. Bh3 {[%clk 0:31:22]} f5 {[%clk 0:19:13]} 24. Rxe6
{[%clk 0:13:20]} Nxf2 {[%clk 0:12:40]} 25. Rxe8+ {[%clk 0:12:38]} Rxe8
{[%clk 0:13:04]} 26. Nf3 {[%clk 0:09:34]} Nxh3+ {[%clk 0:05:35]} 27. Kg2
{[%clk 0:08:55]} Nf2 {[%clk 0:04:56]} 28. b4 {[%clk 0:06:31]} Ng4
{[%clk 0:00:32]} 29. bxc5 {[%clk 0:04:24]} Re2+ {[%clk 0:00:53]} 30. Kf1
{[%clk 0:04:08]} Rfe7 {[%clk 0:00:49]} 31. Qg5+ {[%clk 0:03:53]} Kh8
{[%clk 0:01:17]} 32. Rd1 {[%clk 0:03:40]} 1-0

[Event "6th Ferdowsi International Chess Open Tournament"]
[Site "Mashhad"]
[Date "2016.02.03"]
[Round "7"]
[Board "7"]
[White "Grigoryan, Karen H."]
[Black "Amini, Amer"]
[Result "1-0"]
[WhiteElo "2602"]
[BlackElo "2111"]
[PlyCount "0"]
[EventDate "2016.01.29"]
[EventRounds "9"]
[EventCountry "IRI"]

1. Nf3 {[%clk 1:30:57]} Nf6 {[%clk 1:20:51]} 2. g3 {[%clk 1:31:17]} g6
{[%clk 1:19:41]} 3. Bg2 {[%clk 1:31:31]} Bg7 {[%clk 1:20:04]} 4. O-O
{[%clk 1:31:56]} O-O {[%clk 1:20:23]} 5. c4 {[%clk 1:32:22]} d6 {[%clk 1:16:35]}
6. d4 {[%clk 1:32:44]} c6 {[%clk 1:15:57]} 7. Nc3 {[%clk 1:33:01]} Nbd7
{[%clk 1:16:24]} 8. e4 {[%clk 1:33:15]} e5 {[%clk 1:14:54]} 9. h3
{[%clk 1:33:39]} Re8 {[%clk 1:12:02]} 10. Re1 {[%clk 1:32:43]} Qc7
{[%clk 1:08:41]} 11. Be3 {[%clk 1:32:29]} h6 {[%clk 1:05:07]} 12. Rc1
{[%clk 1:30:14]} g5 {[%clk 1:04:35]} 13. d5 {[%clk 1:27:56]} c5 {[%clk 1:02:45]}
14. a3 {[%clk 1:26:12]} Nf8 {[%clk 1:00:50]} 15. Nh2 {[%clk 1:24:29]} Ng6
{[%clk 1:00:06]} 16. Ng4 {[%clk 1:24:25]} Nh7 {[%clk 0:58:17]} 17. Bd2
{[%clk 1:23:42]} Ne7 {[%clk 0:53:41]} 18. Ne3 {[%clk 1:23:33]} a6
{[%clk 0:51:23]} 19. Qf3 {[%clk 1:23:29]} Rb8 {[%clk 0:48:33]} 20. Nf5
{[%clk 1:23:09]} Qd7 {[%clk 0:41:40]} 21. Nxe7+ {[%clk 1:22:41]} Qxe7
{[%clk 0:42:04]} 22. Nd1 {[%clk 1:22:10]} Nf8 {[%clk 0:36:22]} 23. Ne3
{[%clk 1:22:11]} Qf6 {[%clk 0:35:39]} 24. Qxf6 {[%clk 1:22:17]} Bxf6
{[%clk 0:36:06]} 25. b4 {[%clk 1:22:38]} b6 {[%clk 0:35:25]} 26. Rb1
{[%clk 1:22:14]} Bd7 {[%clk 0:26:52]} 27. Rb2 {[%clk 1:22:33]} a5
{[%clk 0:23:09]} 28. bxc5 {[%clk 1:21:05]} bxc5 {[%clk 0:22:34]} 29. Reb1
{[%clk 1:21:23]} Rxb2 {[%clk 0:22:07]} 30. Rxb2 {[%clk 1:21:48]} Ra8
{[%clk 0:20:13]} 31. Bf3 {[%clk 1:21:33]} Ra6 {[%clk 0:16:46]} 32. Bg4
{[%clk 1:21:52]} Bxg4 {[%clk 0:15:43]} 33. Nxg4 {[%clk 1:21:22]} Kg7
{[%clk 0:14:02]} 34. Rb7 {[%clk 1:21:39]} Ng6 {[%clk 0:13:23]} 35. Ne3
{[%clk 1:21:17]} Ne7 {[%clk 0:13:37]} 36. a4 {[%clk 1:20:59]} Nc8
{[%clk 0:11:09]} 37. Nf5+ {[%clk 1:20:42]} Kg6 {[%clk 0:11:18]} 38. Rc7
{[%clk 1:21:05]} 1-0

[Event "6th Ferdowsi International Chess Open Tournament"]
[Site "Mashhad"]
[Date "2016.02.03"]
[Round "7"]
[Board "8"]
[White "Gabuzyan, Hovhannes"]
[Black "Abedi, Abolfazl"]
[Result "1-0"]
[WhiteElo "2585"]
[BlackElo "2085"]
[PlyCount "0"]
[EventDate "2016.01.29"]
[EventRounds "9"]
[EventCountry "IRI"]

1. e4 {[%clk 1:30:57]} c5 {[%clk 1:27:03]} 2. Nf3 {[%clk 1:31:22]} Nc6
{[%clk 1:26:40]} 3. Bb5 {[%clk 1:31:45]} g6 {[%clk 1:26:55]} 4. Bxc6
{[%clk 1:31:53]} dxc6 {[%clk 1:27:08]} 5. d3 {[%clk 1:32:18]} Bg7
{[%clk 1:27:34]} 6. Nc3 {[%clk 1:32:39]} e5 {[%clk 1:26:49]} 7. Be3
{[%clk 1:33:03]} b6 {[%clk 1:27:11]} 8. Qd2 {[%clk 1:33:09]} Bg4 {[%clk 1:24:44]}
9. O-O-O {[%clk 1:33:30]} Qd6 {[%clk 1:20:55]} 10. h3 {[%clk 1:31:13]} Bd7
{[%clk 1:19:24]} 11. Kb1 {[%clk 1:30:57]} O-O-O {[%clk 1:11:16]} 12. g4
{[%clk 1:29:22]} h5 {[%clk 1:09:44]} 13. g5 {[%clk 1:29:49]} Be6 {[%clk 1:08:40]}
14. Qe2 {[%clk 1:30:15]} Ne7 {[%clk 1:08:06]} 15. Nd2 {[%clk 1:30:38]} Rhf8
{[%clk 1:06:20]} 16. h4 {[%clk 1:29:01]} Qc7 {[%clk 1:04:41]} 17. Rdf1
{[%clk 1:28:53]} Kb7 {[%clk 1:03:58]} 18. f4 {[%clk 1:27:44]} exf4
{[%clk 1:02:49]} 19. Bxf4 {[%clk 1:28:10]} Qd7 {[%clk 1:01:25]} 20. Nd1
{[%clk 1:27:59]} Nc8 {[%clk 0:53:46]} 21. Qh2 {[%clk 1:26:15]} Rfe8
{[%clk 0:53:30]} 22. Nf3 {[%clk 1:25:01]} Bg4 {[%clk 0:49:50]} 23. Ne5
{[%clk 1:24:23]} Bxe5 {[%clk 0:39:26]} 24. Bxe5 {[%clk 1:24:49]} Be6
{[%clk 0:38:53]} 25. Ne3 {[%clk 1:24:01]} b5 {[%clk 0:37:40]} 26. Bf6
{[%clk 1:22:26]} Ne7 {[%clk 0:37:21]} 27. Qe5 {[%clk 1:22:14]} Qd6
{[%clk 0:30:07]} 28. Qxd6 {[%clk 1:22:35]} Rxd6 {[%clk 0:30:32]} 29. b3
{[%clk 1:22:25]} Nc8 {[%clk 0:30:10]} 30. Ng2 {[%clk 1:21:57]} c4
{[%clk 0:27:44]} 31. Nf4 {[%clk 1:22:03]} Bg4 {[%clk 0:24:49]} 32. Rf2
{[%clk 1:19:35]} Rd7 {[%clk 0:24:06]} 33. Bc3 {[%clk 1:17:27]} Kb6
{[%clk 0:21:52]} 34. b4 {[%clk 1:16:42]} Nd6 {[%clk 0:19:28]} 35. Bd4+
{[%clk 1:16:19]} Ka6 {[%clk 0:19:45]} 36. Be3 {[%clk 1:14:20]} Nb7
{[%clk 0:11:48]} 37. Kb2 {[%clk 1:14:23]} Nd8 {[%clk 0:11:20]} 38. a4
{[%clk 1:13:07]} Kb7 {[%clk 0:07:01]} 39. Ra1 {[%clk 1:11:53]} a6
{[%clk 0:07:09]} 40. axb5 {[%clk 1:11:45]} cxb5 {[%clk 0:06:01]} 41. Bc5
{[%clk 1:11:50]} Nc6 {[%clk 0:03:54]} 42. Nd5 {[%clk 1:11:42]} cxd3
{[%clk 0:02:52]} 43. cxd3 {[%clk 1:12:07]} Ne5 {[%clk 0:02:49]} 44. Kc3
{[%clk 1:11:50]} Be6 {[%clk 0:02:47]} 45. Nf4 {[%clk 1:12:13]} Bg4
{[%clk 0:02:24]} 46. Rfa2 {[%clk 1:12:34]} Ra8 {[%clk 0:02:12]} 47. d4
{[%clk 1:12:37]} Nf3 {[%clk 0:02:10]} 48. d5 {[%clk 1:13:01]} Rdd8
{[%clk 0:01:53]} 49. Nd3 {[%clk 1:12:59]} Re8 {[%clk 0:02:00]} 50. Be3
{[%clk 1:13:01]} Bc8 {[%clk 0:00:37]} 51. Rf2 {[%clk 1:13:02]} Bg4
{[%clk 0:00:57]} 52. Raf1 {[%clk 1:13:18]} Rac8+ {[%clk 0:00:34]} 53. Nc5+
{[%clk 1:13:37]} Rxc5+ {[%clk 0:00:33]} 54. Bxc5 {[%clk 1:13:58]} 1-0

[Event "6th Ferdowsi International Chess Open Tournament"]
[Site "Mashhad"]
[Date "2016.02.03"]
[Round "7"]
[Board "9"]
[White "Mosadeghpour, Masoud"]
[Black "Ghaffarifar, Matin"]
[Result "1-0"]
[WhiteElo "2475"]
[BlackElo "2054"]
[PlyCount "0"]
[EventDate "2016.01.29"]
[EventRounds "9"]
[EventCountry "IRI"]

1. e4 {[%clk 1:28:06]} c6 {[%clk 1:30:06]} 2. d4 {[%clk 1:28:28]} d5
{[%clk 1:30:24]} 3. Nd2 {[%clk 1:28:56]} dxe4 {[%clk 1:30:34]} 4. Nxe4
{[%clk 1:29:25]} Bf5 {[%clk 1:30:22]} 5. Ng3 {[%clk 1:29:53]} Bg6
{[%clk 1:30:42]} 6. h4 {[%clk 1:30:14]} h6 {[%clk 1:31:03]} 7. Nf3
{[%clk 1:30:40]} e6 {[%clk 1:30:18]} 8. h5 {[%clk 1:30:08]} Bh7 {[%clk 1:30:31]}
9. Bd3 {[%clk 1:30:28]} Bxd3 {[%clk 1:30:39]} 10. Qxd3 {[%clk 1:30:56]} Nf6
{[%clk 1:30:47]} 11. Bd2 {[%clk 1:31:10]} c5 {[%clk 1:30:19]} 12. O-O-O
{[%clk 1:29:31]} Nc6 {[%clk 1:30:00]} 13. Bc3 {[%clk 1:25:40]} Qd5
{[%clk 1:28:18]} 14. dxc5 {[%clk 1:20:04]} Qxd3 {[%clk 1:26:27]} 15. Rxd3
{[%clk 1:19:42]} Bxc5 {[%clk 1:26:09]} 16. Bxf6 {[%clk 1:08:55]} gxf6
{[%clk 1:26:31]} 17. Ne4 {[%clk 1:09:08]} Be7 {[%clk 1:26:54]} 18. Rhd1
{[%clk 1:08:31]} f5 {[%clk 1:11:56]} 19. Nd6+ {[%clk 1:08:10]} Bxd6
{[%clk 1:12:21]} 20. Rxd6 {[%clk 1:08:35]} Rd8 {[%clk 1:11:47]} 21. Rxd8+
{[%clk 1:09:03]} Nxd8 {[%clk 1:12:10]} 22. Ne5 {[%clk 1:09:30]} Rg8
{[%clk 1:12:31]} 23. g3 {[%clk 1:09:54]} f6 {[%clk 0:54:41]} 24. Nd7
{[%clk 0:55:57]} Ke7 {[%clk 0:47:18]} 25. a4 {[%clk 0:52:49]} e5 {[%clk 0:41:27]}
26. Nc5 {[%clk 0:34:02]} b6 {[%clk 0:41:27]} 27. Na6 {[%clk 0:28:13]} Rg4
{[%clk 0:31:56]} 28. b4 {[%clk 0:18:15]} Rc4 {[%clk 0:23:08]} 29. Kb2
{[%clk 0:17:05]} Nc6 {[%clk 0:20:47]} 30. c3 {[%clk 0:14:25]} f4 {[%clk 0:18:55]}
31. Kb3 {[%clk 0:12:34]} Re4 {[%clk 0:19:06]} 32. a5 {[%clk 0:07:40]} fxg3
{[%clk 0:17:44]} 33. fxg3 {[%clk 0:07:51]} bxa5 {[%clk 0:14:13]} 34. Nc5
{[%clk 0:05:25]} Re3 {[%clk 0:14:39]} 35. Rd7+ {[%clk 0:04:42]} Ke8
{[%clk 0:14:38]} 36. b5 {[%clk 0:04:49]} Nd4+ {[%clk 0:09:02]} 37. Kc4
{[%clk 0:05:18]} Ne6 {[%clk 0:04:55]} 38. Rxa7 {[%clk 0:04:15]} Nxc5
{[%clk 0:05:20]} 39. Kxc5 {[%clk 0:04:36]} Rxc3+ {[%clk 0:05:38]} 40. Kd6
{[%clk 0:03:23]} Rd3+ {[%clk 0:02:02]} 41. Ke6 {[%clk 0:02:01]} Kd8
{[%clk 0:02:27]} 42. g4 {[%clk 0:01:22]} e4 {[%clk 0:01:11]} 43. b6
{[%clk 0:01:30]} Kc8 {[%clk 0:01:38]} 44. Kxf6 {[%clk 0:01:41]} e3
{[%clk 0:01:08]} 45. Re7 {[%clk 0:00:35]} a4 {[%clk 0:01:32]} 46. g5
{[%clk 0:00:37]} a3 {[%clk 0:00:51]} 47. g6 {[%clk 0:00:40]} a2 {[%clk 0:01:07]}
48. Rc7+ {[%clk 0:01:02]} Kd8 {[%clk 0:00:40]} 49. Rc1 {[%clk 0:01:31]} Rd6+
{[%clk 0:00:37]} 50. Kf7 {[%clk 0:01:13]} Rxb6 {[%clk 0:00:33]} 51. g7
{[%clk 0:01:33]} Rb7+ {[%clk 0:00:38]} 52. Kg6 {[%clk 0:01:35]} Rb6+
{[%clk 0:00:38]} 53. Kh7 {[%clk 0:01:48]} Rb7 {[%clk 0:00:39]} 54. Kxh6
{[%clk 0:02:05]} Rb1 {[%clk 0:00:37]} 55. g8=Q+ {[%clk 0:02:29]} Kd7
{[%clk 0:01:03]} 56. Qh7+ {[%clk 0:02:49]} 1-0

[Event "6th Ferdowsi International Chess Open Tournament"]
[Site "Mashhad"]
[Date "2016.02.03"]
[Round "7"]
[Board "10"]
[White "Darini, Pouria"]
[Black "Bahmani, Amir Mohammad"]
[Result "1-0"]
[WhiteElo "2474"]
[BlackElo "2000"]
[PlyCount "0"]
[EventDate "2016.01.29"]
[EventRounds "9"]
[EventCountry "IRI"]

1. e4 {[%clk 1:29:39]} e5 {[%clk 1:29:39]} 2. Nf3 {[%clk 1:29:58]} Nc6
{[%clk 1:29:15]} 3. Bb5 {[%clk 1:29:49]} Bc5 {[%clk 1:28:34]} 4. O-O
{[%clk 1:29:17]} Nf6 {[%clk 1:27:32]} 5. Nxe5 {[%clk 1:23:44]} Nxe5
{[%clk 1:19:47]} 6. d4 {[%clk 1:24:12]} a6 {[%clk 1:13:50]} 7. Be2
{[%clk 1:06:45]} Bb6 {[%clk 1:06:20]} 8. dxe5 {[%clk 1:07:02]} Nxe4
{[%clk 1:06:25]} 9. Qd5 {[%clk 0:54:26]} Nc5 {[%clk 1:05:55]} 10. Nc3
{[%clk 0:51:32]} O-O {[%clk 1:02:00]} 11. Be3 {[%clk 0:45:54]} d6
{[%clk 0:52:43]} 12. Rad1 {[%clk 0:45:57]} Be6 {[%clk 0:49:52]} 13. Qf3
{[%clk 0:46:24]} Qe7 {[%clk 0:48:07]} 14. exd6 {[%clk 0:44:17]} cxd6
{[%clk 0:48:05]} 15. Bf4 {[%clk 0:44:08]} d5 {[%clk 0:28:51]} 16. Nxd5
{[%clk 0:44:12]} Bxd5 {[%clk 0:29:01]} 17. Rxd5 {[%clk 0:44:33]} Bc7
{[%clk 0:22:59]} 18. Bg5 {[%clk 0:40:01]} f6 {[%clk 0:21:55]} 19. Be3
{[%clk 0:40:28]} Nd7 {[%clk 0:18:00]} 20. Qh3 {[%clk 0:34:01]} Rfd8
{[%clk 0:14:17]} 21. Rfd1 {[%clk 0:28:30]} Ne5 {[%clk 0:12:59]} 22. f4
{[%clk 0:24:29]} Nc6 {[%clk 0:09:35]} 23. Rd7 {[%clk 0:22:15]} 1-0

[Event "6th Ferdowsi International Chess Open Tournament"]
[Site "Mashhad"]
[Date "2016.02.03"]
[Round "7"]
[Board "11"]
[White "Polyakov, Maxim"]
[Black "Kazemiyan Eski, Abolfazl"]
[Result "1/2-1/2"]
[WhiteElo "2444"]
[BlackElo "2093"]
[PlyCount "0"]
[EventDate "2016.01.29"]
[EventRounds "9"]
[EventCountry "IRI"]

1. d4 {[%clk 1:30:59]} g6 {[%clk 1:26:09]} 2. Nf3 {[%clk 1:31:10]} Bg7
{[%clk 1:26:03]} 3. c3 {[%clk 1:31:14]} d5 {[%clk 1:25:51]} 4. Bg5
{[%clk 1:31:34]} Nf6 {[%clk 1:25:44]} 5. e3 {[%clk 1:31:27]} Ne4 {[%clk 1:20:56]}
6. Bh4 {[%clk 1:31:44]} O-O {[%clk 1:20:44]} 7. Nbd2 {[%clk 1:31:27]} Nd6
{[%clk 1:16:19]} 8. Be2 {[%clk 1:31:05]} c6 {[%clk 1:16:12]} 9. O-O
{[%clk 1:30:31]} Nd7 {[%clk 1:15:55]} 10. b4 {[%clk 1:30:42]} Nf5
{[%clk 1:16:08]} 11. Bg3 {[%clk 1:30:34]} Nxg3 {[%clk 1:13:14]} 12. hxg3
{[%clk 1:31:02]} e5 {[%clk 1:13:31]} 13. Nxe5 {[%clk 1:30:24]} Nxe5
{[%clk 1:13:21]} 14. dxe5 {[%clk 1:30:52]} Bxe5 {[%clk 1:13:04]} 15. Rc1
{[%clk 1:31:11]} a5 {[%clk 1:09:09]} 16. b5 {[%clk 1:31:36]} c5 {[%clk 1:06:52]}
17. c4 {[%clk 1:31:25]} d4 {[%clk 1:02:35]} 18. Nf3 {[%clk 1:31:11]} Bg7
{[%clk 0:43:47]} 19. exd4 {[%clk 1:31:17]} cxd4 {[%clk 0:44:04]} 20. c5
{[%clk 1:28:23]} Bf5 {[%clk 0:41:16]} 21. Bd3 {[%clk 1:28:34]} Bg4
{[%clk 0:41:13]} 22. Be4 {[%clk 1:27:19]} Rb8 {[%clk 0:41:15]} 23. c6
{[%clk 1:27:28]} bxc6 {[%clk 0:41:27]} 24. Bxc6 {[%clk 1:27:48]} Qd6
{[%clk 0:36:35]} 25. Qa4 {[%clk 1:27:22]} Bxf3 {[%clk 0:34:47]} 26. gxf3
{[%clk 1:27:17]} h5 {[%clk 0:34:18]} 27. Kg2 {[%clk 1:25:07]} Qc7
{[%clk 0:29:25]} 28. Qc4 {[%clk 1:22:25]} Qd6 {[%clk 0:23:58]} 29. Rfd1
{[%clk 1:21:59]} Rfd8 {[%clk 0:24:00]} 30. Rd3 {[%clk 1:22:17]} h4
{[%clk 0:22:06]} 31. Re1 {[%clk 1:22:31]} hxg3 {[%clk 0:21:00]} 32. fxg3
{[%clk 1:22:59]} Bf6 {[%clk 0:21:27]} 33. Qa4 {[%clk 1:16:50]} Qc7
{[%clk 0:14:44]} 34. f4 {[%clk 1:16:02]} Kg7 {[%clk 0:14:33]} 35. Qd1
{[%clk 1:16:22]} Qd6 {[%clk 0:13:50]} 36. Qf3 {[%clk 1:15:34]} Qb4
{[%clk 0:11:57]} 37. Qd1 {[%clk 1:13:15]} Qd6 {[%clk 0:11:13]} 38. Re4
{[%clk 1:13:03]} Qc5 {[%clk 0:09:16]} 39. Qe2 {[%clk 1:01:41]} Rh8
{[%clk 0:07:01]} 40. Re5 {[%clk 0:58:37]} Bxe5 {[%clk 0:06:07]} 41. Qxe5+
{[%clk 0:59:06]} Qxe5 {[%clk 0:06:34]} 42. fxe5 {[%clk 0:59:32]} Rh5
{[%clk 0:06:31]} 43. Rxd4 {[%clk 0:59:51]} Rxe5 {[%clk 0:06:55]} 44. Ra4
{[%clk 1:00:04]} Rexb5 {[%clk 0:07:20]} 45. Bxb5 {[%clk 1:00:25]} 1/2-1/2

[Event "6th Ferdowsi International Chess Open Tournament"]
[Site "Mashhad"]
[Date "2016.02.03"]
[Round "7"]
[Board "12"]
[White "Oliyazade, Pooya"]
[Black "Mousavi, Seyed Khalil"]
[Result "0-1"]
[WhiteElo "2057"]
[BlackElo "2425"]
[PlyCount "0"]
[EventDate "2016.01.29"]
[EventRounds "9"]
[EventCountry "IRI"]

1. e4 {[%clk 1:30:00]} e6 {[%clk 1:29:46]} 2. d4 {[%clk 1:29:02]} d5
{[%clk 1:30:09]} 3. Nc3 {[%clk 1:28:50]} Bb4 {[%clk 1:30:32]} 4. a3
{[%clk 1:21:47]} Bxc3+ {[%clk 1:30:47]} 5. bxc3 {[%clk 1:22:10]} dxe4
{[%clk 1:31:12]} 6. Qg4 {[%clk 1:22:14]} Nf6 {[%clk 1:31:36]} 7. Qxg7
{[%clk 1:21:58]} Rg8 {[%clk 1:31:59]} 8. Qh6 {[%clk 1:22:18]} c5 {[%clk 1:30:32]}
9. Ne2 {[%clk 1:18:18]} Nc6 {[%clk 1:14:08]} 10. Qe3 {[%clk 1:10:03]} Qa5
{[%clk 1:04:24]} 11. Bd2 {[%clk 0:59:34]} Qa4 {[%clk 1:04:39]} 12. dxc5
{[%clk 0:48:06]} Nd5 {[%clk 0:59:20]} 13. Qh6 {[%clk 0:44:04]} Bd7
{[%clk 0:58:42]} 14. Ng3 {[%clk 0:36:39]} O-O-O {[%clk 0:52:16]} 15. c4
{[%clk 0:31:01]} Nd4 {[%clk 0:51:18]} 16. Rc1 {[%clk 0:21:57]} Rg6
{[%clk 0:39:18]} 17. Qh4 {[%clk 0:19:42]} Nxc2+ {[%clk 0:36:11]} 18. Rxc2
{[%clk 0:19:58]} Qxc2 {[%clk 0:36:31]} 19. Qxe4 {[%clk 0:19:41]} Qb2
{[%clk 0:35:24]} 20. Bd3 {[%clk 0:10:58]} f5 {[%clk 0:33:12]} 21. Qh4
{[%clk 0:08:41]} Rg4 {[%clk 0:30:33]} 22. Qh6 {[%clk 0:07:33]} Rd4
{[%clk 0:26:35]} 23. cxd5 {[%clk 0:05:20]} Rxd3 {[%clk 0:26:36]} 24. c6
{[%clk 0:05:44]} Bxc6 {[%clk 0:19:33]} 25. dxc6 {[%clk 0:05:04]} Qxd2+
{[%clk 0:18:10]} 26. Qxd2 {[%clk 0:05:30]} Rxd2 {[%clk 0:18:35]} 27. cxb7+
{[%clk 0:05:50]} Kxb7 {[%clk 0:19:03]} 0-1

[Event "6th Ferdowsi International Chess Open Tournament"]
[Site "Mashhad"]
[Date "2016.02.04"]
[Round "8"]
[Board "1"]
[White "Chigaev, Maksim"]
[Black "Gagunashvili, Merab"]
[Result "1/2-1/2"]
[WhiteElo "2526"]
[BlackElo "2541"]
[PlyCount "0"]
[EventDate "2016.01.29"]
[EventRounds "9"]
[EventCountry "IRI"]

1. e4 {[%clk 1:30:43]} c5 {[%clk 1:29:00]} 2. Nf3 {[%clk 1:31:04]} e6
{[%clk 1:29:20]} 3. d4 {[%clk 1:31:27]} cxd4 {[%clk 1:29:46]} 4. Nxd4
{[%clk 1:31:49]} Nc6 {[%clk 1:30:14]} 5. Nc3 {[%clk 1:32:07]} Qc7
{[%clk 1:30:32]} 6. f4 {[%clk 1:31:48]} Nxd4 {[%clk 1:30:07]} 7. Qxd4
{[%clk 1:32:11]} a6 {[%clk 1:30:33]} 8. Be3 {[%clk 1:32:31]} b5 {[%clk 1:30:44]}
9. Be2 {[%clk 1:32:51]} Bb7 {[%clk 1:30:46]} 10. O-O {[%clk 1:33:02]} Nf6
{[%clk 1:19:17]} 11. Bf3 {[%clk 1:32:54]} Be7 {[%clk 1:15:50]} 12. a3
{[%clk 1:22:15]} O-O {[%clk 1:14:16]} 13. Qb6 {[%clk 1:21:14]} Qxb6
{[%clk 0:52:44]} 14. Bxb6 {[%clk 1:21:34]} Rab8 {[%clk 0:52:07]} 15. Ba7
{[%clk 1:17:54]} Ra8 {[%clk 0:52:25]} 16. Bb6 {[%clk 1:14:45]} Rab8
{[%clk 0:52:45]} 17. Ba7 {[%clk 1:10:09]} Ra8 {[%clk 0:53:11]} 18. Bb6
{[%clk 1:09:37]} 1/2-1/2